| 000 | 00654nam a22001937a 4500 | ||
|---|---|---|---|
| 999 |
_c100105 _d100105 |
||
| 005 | 20181205121656.0 | ||
| 010 | _aENG-115172 | ||
| 020 |
_a9789385288692 _c499.00 |
||
| 035 | _aEN-98704 | ||
| 037 | _bDBAD/PUB | ||
| 082 | _a500 | ||
| 100 | _aMoffit, Mitchell | ||
| 245 |
_aAsap science : _cby Mitchell Moffit [and]Greg Brown _banswers to the world's weirdest questions,most persistent rumours,and unxplained phenomena / |
||
| 260 |
_aNew Delhi _bSpeaking Tiger _c2015 |
||
| 270 |
_a4381/4,Ansari Road, Daryaganj, _bNew Delhi _e110002 |
||
| 300 |
_a248p. : _c23cm(pbk) _bill. |
||
| 700 | _aBrown,Greg | ||
| 942 |
_2ddc _cEN _h500 _mMOF |
||